[Event "IND-ch 59th"]
[Site "New Delhi"]
[Date "2022.12.22"]
[Round "1"]
[White "Sengupta, Deep"]
[Black "Tamojit, Chakraborty"]
[Result "1-0"]
[WhiteElo "2486"]
[BlackElo "1881"]
[PlyCount "35"]
[EventDate "2022.12.22"]
[EventType "swiss"]
[EventRounds "13"]
[EventCountry "IND"]
[SourceTitle "CBM 211 Extra"]
[Source "ChessBase"]
[SourceDate "2023.01.31"]
[SourceVersion "1"]
[SourceVersionDate "2023.01.31"]
[SourceQuality "1"]

1. Nf3 c5 2. c4 Nc6 3. Nc3 g6 4. e3 Nf6 5. d4 Bg7 6. d5 Nb8 7. e4 d6 8. h3 0-0 9. Bd3 e6 10. 0-0 exd5 11. cxd5 Re8 12. Bf4 a6 13. a4 Nh5 14. Bh2 Qf6 15. Re1 Nd7 16. Bf1 Nf4 17. g3 Nh5 18. g4 1-0

[Event "India Cities-ch 19th"]
[Site "Khalpara"]
[Date "2018.08.05"]
[Round "7.4"]
[White "Tamojit, Chakraborty"]
[Black "Sushmita, Lama"]
[Result "1-0"]
[WhiteElo "1920"]
[BlackElo "1656"]
[PlyCount "80"]
[EventDate "2018.08.01"]
[EventType "team-swiss"]
[EventRounds "7"]
[EventCountry "IND"]
[SourceTitle "CBM 186 Extra"]
[Source "ChessBase"]
[SourceDate "2018.08.24"]
[SourceVersion "1"]
[SourceVersionDate "2018.08.24"]
[SourceQuality "1"]
[WhiteTeam "Siliguri Green"]
[BlackTeam "Gangtok"]
[WhiteTeamCountry "IND"]
[BlackTeamCountry "IND"]

1. d4 Nf6 2. Bg5 c5 3. Nc3 cxd4 4. Qxd4 Nc6 5. Qh4 Qa5 6. 0-0-0 d6 7. e4 Be6 8. a3 h6 9. Bxf6 gxf6 10. f4 f5 11. exf5 Qxf5 12. Bd3 Qg4 13. Qf2 0-0-0 14. h3 Qh5 15. Nf3 Qc5 16. Qg3 h5 17. Ng5 Rg8 18. Qe1 Nd4 19. Bh7 Rg7 20. Qe4 Bf5 21. Bxf5+ Nxf5 22. Nxf7 Qe3+ 23. Qxe3 Nxe3 24. Nxd8 Nxd1 25. Ne6 Nxc3 26. Nxg7 Ne2+ 27. Kd1 Ng3 28. Ne6 Nxh1 29. Nxf8 Ng3 30. Ke1 Kc7 31. Kf2 Nf5 32. g4 hxg4 33. hxg4 Ng7 34. f5 Kc6 35. Ke3 Kd5 36. Kf4 Ne8 37. g5 Ng7 38. f6 exf6 39. gxf6 Ne8 40. f7 Ng7 1-0

[Event "India Cities-ch 19th"]
[Site "Khalpara"]
[Date "2018.08.04"]
[Round "6.4"]
[White "Tamojit, Chakraborty"]
[Black "Pandey, Shubham"]
[Result "1-0"]
[WhiteElo "1920"]
[BlackElo "1345"]
[PlyCount "71"]
[EventDate "2018.08.01"]
[EventType "team-swiss"]
[EventRounds "7"]
[EventCountry "IND"]
[SourceTitle "CBM 186 Extra"]
[Source "ChessBase"]
[SourceDate "2018.08.24"]
[SourceVersion "1"]
[SourceVersionDate "2018.08.24"]
[SourceQuality "1"]
[WhiteTeam "Siliguri Green"]
[BlackTeam "ARA Attackers"]
[WhiteTeamCountry "IND"]
[BlackTeamCountry "IND"]

1. d4 Nf6 2. Bg5 d5 3. Bxf6 gxf6 4. g3 Bf5 5. Bg2 Nc6 6. c3 e6 7. Nd2 Qd7 8. e4 Bg6 9. exd5 exd5 10. Ne2 Bh6 11. 0-0 0-0 12. Nb3 b6 13. Nbc1 Rfe8 14. Nd3 Bh5 15. Re1 Rad8 16. Qc2 Qf5 17. Rad1 Bg4 18. Bf1 Re6 19. h3 Bf3 20. Bg2 Rde8 21. Bxf3 Qxf3 22. Nef4 Rxe1+ 23. Rxe1 Re4 24. Qd1 Rxe1+ 25. Qxe1 Bxf4 26. Nxf4 Kf8 27. Qb1 Kg7 28. Qf5 Qd1+ 29. Kg2 Ne7 30. Nh5+ Kf8 31. Qxh7 Ng6 32. Qg7+ Ke7 33. Qxf6+ Ke8 34. Ng7+ Kf8 35. Ne6+ Ke8 36. Qd8# 1-0